| 000 | 004890000a22002290004500 | ||
|---|---|---|---|
| 003 | GT | ||
| 004 | BV | ||
| 518 | _a950612 | ||
| 100 | _aManandhar, Maya Devi | ||
| 245 | _aThe fundamentals of English grammar | ||
| 260 | _aKathmandu, Nepal | ||
| 300 | _a106p. | ||
| 041 | _aEng | ||
| 650 | _aEnglish language | ||
| 650 | _aGrammar | ||
| 650 | _aLanguage education | ||
| 650 | _aLanguage teaching | ||
| 651 | _aNepal | ||
| 082 |
_a425 _bM311f _cCS |
||
| 530 | _aM | ||
| 942 | _cGEN | ||
| 999 |
_c11858 _d11858 |
||